An introduction to analytical atomic spectrometry / (Record no. 329613)

000 -LEADER
fixed length control field 01234cam a2200301 a 4500
001 - CONTROL NUMBER
control field 3071861
003 - CONTROL NUMBER IDENTIFIER
control field NUST
005 - DATE AND TIME OF LATEST TRANSACTION
control field 20170516114504.0
008 - FIXED-LENGTH DATA ELEMENTS--GENERAL INFORMATION
fixed length control field 970908s1998 enka bi 001 0 eng
010 ## - LIBRARY OF CONGRESS CONTROL NUMBER
LC control number 97031697
020 ## - INTERNATIONAL STANDARD BOOK NUMBER
International Standard Book Number 047197417X (alk. paper)
020 ## - INTERNATIONAL STANDARD BOOK NUMBER
International Standard Book Number 0471974188 (pbk. : alk. paper)
035 ## - SYSTEM CONTROL NUMBER
System control number (DLC) 97031697
040 ## - CATALOGING SOURCE
Original cataloging agency DLC
Transcribing agency DLC
Modifying agency DLC
050 00 - LIBRARY OF CONGRESS CALL NUMBER
Classification number QD96.A8
Item number I58 1998
082 00 - DEWEY DECIMAL CLASSIFICATION NUMBER
Classification number 543.0873 EBD
Edition number 21
245 03 - TITLE STATEMENT
Title An introduction to analytical atomic spectrometry /
Statement of responsibility, etc. contributing authors, L. Ebdon ... [et al.] ; edited by E.H. Evans.
260 ## - PUBLICATION, DISTRIBUTION, ETC.
Place of publication, distribution, etc. Chichester ;
-- New York :
Name of publisher, distributor, etc. John Wiley,
Date of publication, distribution, etc. c1998.
300 ## - PHYSICAL DESCRIPTION
Extent x, 193 p. :
Other physical details ill. ;
Dimensions 24 cm.
500 ## - GENERAL NOTE
General note P.B
504 ## - BIBLIOGRAPHY, ETC. NOTE
Bibliography, etc. note Includes bibliographical references (p. 184-186) and index.
650 #0 - SUBJECT ADDED ENTRY--TOPICAL TERM
Topical term or geographic name entry element Atomic spectroscopy.
9 (RLIN) 837
700 1# - ADDED ENTRY--PERSONAL NAME
Personal name Ebdon, L.
9 (RLIN) 838
700 1# - ADDED ENTRY--PERSONAL NAME
Personal name Evans, E. Hywel.
9 (RLIN) 839
856 42 - ELECTRONIC LOCATION AND ACCESS
Materials specified Publisher description
Uniform Resource Identifier <a href="http://www.loc.gov/catdir/description/wiley032/97031697.html">http://www.loc.gov/catdir/description/wiley032/97031697.html</a>
856 4# - ELECTRONIC LOCATION AND ACCESS
Materials specified Table of Contents
Uniform Resource Identifier <a href="http://www.loc.gov/catdir/toc/onix02/97031697.html">http://www.loc.gov/catdir/toc/onix02/97031697.html</a>
906 ## - LOCAL DATA ELEMENT F, LDF (RLIN)
a 7
b cbc
c orignew
d 1
e ocip
f 19
g y-gencatlg
942 ## - ADDED ENTRY ELEMENTS (KOHA)
Source of classification or shelving scheme
Koha item type Book
Call number prefix 543.0873 EBD
Holdings
Withdrawn status Lost status Source of classification or shelving scheme Damaged status Not for loan Collection code Permanent Location Current Location Shelving location Date acquired Total Checkouts Full call number Barcode Date last seen Price effective from Koha item type
            Institute of Environmental Science and Engineering (IESE) Institute of Environmental Science and Engineering (IESE) General Stacks 05/16/2017   543.0873 EBD IESE-984 05/16/2017 05/16/2017 Book
© 2023 Central Library, National University of Sciences and Technology. All Rights Reserved.